| 000 | 00547nam a2200205 a 4500 | ||
|---|---|---|---|
| 001 | BRCA_6501 | ||
| 005 | 20190320205501.0 | ||
| 008 | 270911s1912----gw-#######---#000-0#ger-# | ||
| 041 | _ager | ||
| 044 | _agw | ||
| 050 | 4 |
_aPT2583 _b.W2 L3 _c1912 |
|
| 100 | 1 |
_aWolff, Julius _d1834-1910 _916251 |
|
| 245 | 1 | 0 |
_aDer Landsknecht von Cochem _cein Sang von der Mosel von Julius Wolff. |
| 260 |
_aBerlín _bG. Grote´sche _c1912 |
||
| 300 |
_a356 p. _c18 cm. |
||
| 500 | _aL33 | ||
| 650 | 1 | 4 |
_aLiteratura Alemana _96160 |
| 902 | _aGFM | ||
| 942 |
_2lcc _cB |
||
| 999 |
_c6185 _d6185 |
||